[Event "desafio"]
[Site "http://www.queenalice.com/game.php?id=1043574"]
[Date "2012.3.28"]
[Round "-"]
[White "AuntieRenie"]
[Black "cristiane4"]
[Result "0-1"]
[WhiteElo "1453"]
[BlackElo "1578"]

1. c4 f5 2. Nc3 Nc6 3. d4 e6 4. d5 exd5 5. cxd5 Ne5 6. Bf4 d6 7. Qd4 Qf6 8. Bxe5
dxe5 9. Qc4 Bd6 10. Nb5 Qe7 11. g3 Bb4+ 12. Nc3 Nf6 13. Nf3 Bd6 14. Bg2 O-O 15.
O-O f4 16. Ne4 Ng4 17. Rac1 fxg3 18. fxg3 Ne3 19. Qc3 Nxf1 20. Kxf1 Bg4 21. Nxd6
cxd6 22. b3 Qg5 23. Kg1 Qh6 24. Qb2 Rac8 25. Rxc8 Rxc8 26. Qa3 Qe3+ 27. Kf1 Rc1+
28. Qxc1 Qxc1+ 29. Kf2 e4 30. Nd4 e3# 0-1

[Event "Challenge"]
[Site "http://www.queenalice.com/game.php?id=1048835"]
[Date "2012.4.14"]
[Round "-"]
[White "ElvisCarvalho"]
[Black "cristiane4"]
[Result "1-0"]
[WhiteElo "1421"]
[BlackElo "1491"]

1. e4 e5 2. Qh5 Nc6 3. Qf3 Nf6 4. Bc4 d6 5. Ne2 g6 6. d3 Bg7 7. Bg5 O-O 8. O-O
Bg4 9. Qe3 Qd7 10. h3 Bxe2 11. Qxe2 Nd4 12. Qd1 b5 13. Bb3 a5 14. c3 a4 15. Bc2
Ne6 16. Bxf6 Bxf6 17. Nd2 Rac8 18. b4 Nf4 19. a3 c5 20. c4 cxb4 21. axb4 Rc7 22.
Qb1 Bg5 23. cxb5 Qxb5 24. Rxa4 Rfc8 25. Ra5 Qb7 26. Bb3 Ne2+ 27. Kh1 Bxd2 28.
Qa2 Qxb4 29. Ra4 1-0

[Event "AUTO-INT-2301"]
[Site "http://www.queenalice.com/game.php?id=1051137"]
[Date "2012.4.21"]
[Round "1"]
[White "Leoncn"]
[Black "cristiane4"]
[Result "1-0"]
[WhiteElo "1491"]
[BlackElo "1416"]

1. e4 e5 2. Bc4 Nf6 3. Qf3 c6 4. Nc3 Bb4 5. a3 Ba5 6. Nh3 d6 7. Ng5 Be6 8. Bxe6
fxe6 9. Nxe6 Qe7 10. Ng5 Nbd7 11. O-O h6 12. Nh3 Rf8 13. Qe3 Bb6 14. Qe2 Nc5 15.
d3 Ne6 16. Be3 Nd4 17. Bxd4 Bxd4 18. Rab1 Kd7 19. Nd1 Rf7 20. c3 Bb6 21. Ne3
Raf8 22. Nf5 Qe6 23. Qf3 Nh7 24. Qh5 g6 25. Qxh6 gxf5 26. Qxe6+ 1-0

[Event "AUTO-INT-2301"]
[Site "http://www.queenalice.com/game.php?id=1051138"]
[Date "2012.4.21"]
[Round "1"]
[White "cristiane4"]
[Black "Leoncn"]
[Result "0-1"]
[WhiteElo "1430"]
[BlackElo "1477"]

1. e4 e5 2. f4 exf4 3. Nf3 Nf6 4. Nc3 Nc6 5. Bb5 Bb4 6. d3 O-O 7. Bxf4 d6 8. h3
Be6 9. O-O a6 10. Ba4 h6 11. Ne2 Bc5+ 12. Kh1 Re8 13. d4 b5 14. Bb3 Bxb3 15.
axb3 Bb6 16. e5 Ne4 17. Qd3 d5 18. c3 Qd7 19. Be3 Qf5 20. Ne1 Qg6 21. Nf4 Ng3+
22. Kg1 Qxd3 23. Nexd3 Nxf1 24. Rxf1 Rad8 0-1

[Event "AUTO-INT-2301"]
[Site "http://www.queenalice.com/game.php?id=1051155"]
[Date "2012.4.21"]
[Round "1"]
[White "cristiane4"]
[Black "los6enanitos"]
[Result "0-1"]
[WhiteElo "1622"]
[BlackElo "1632"]

1. e4 e5 2. f4 exf4 3. Nf3 d5 4. e5 f6 5. d4 fxe5 6. c3 e4 7. Qe2 Qe7 8. Ne5 Nd7
9. Bxf4 g5 10. Qh5+ Kd8 11. Bxg5 Ngf6 12. Nf7+ Ke8 13. Nxh8+ Nxh5 14. Bxe7 Kxe7
15. Be2 Nf4 16. Bg4 Nxg2+ 17. Kf2 Nf4 18. Rf1 Nd3+ 19. Ke3 Nxb2 20. Na3 Bg7 21.
Nf7 Nf6 22. Bxc8 Rxc8 23. Ne5 Bh6+ 24. Ke2 Rg8 25. Rf2 Ng4 26. Nxg4 Rxg4 27.
Raf1 Rg7 28. Nc2 Nc4 29. Nb4 c6 30. a4 Be3 31. Rf8 Rg2+ 32. Ke1 Bd2+ 33. Kd1
Ne3# 0-1

[Event "AUTO-INT-2301"]
[Site "http://www.queenalice.com/game.php?id=1051156"]
[Date "2012.4.21"]
[Round "1"]
[White "los6enanitos"]
[Black "cristiane4"]
[Result "1-0"]
[WhiteElo "1711"]
[BlackElo "1403"]

1. e4 e5 2. Nf3 d6 3. Bc4 Bg4 4. h3 Bh5 5. g4 Bg6 6. d3 Nc6 7. c3 Nf6 8. Bb5 a6
9. Bxc6+ bxc6 10. Qb3 h6 11. g5 Rb8 12. Qa4 Nd7 13. Qxc6 Rb6 14. Qa4 Be7 15.
gxh6 gxh6 16. h4 h5 17. Bg5 O-O 18. Nbd2 d5 19. exd5 Nc5 20. Qc4 Nxd3+ 21. Ke2
Nxb2 22. Bxe7 Qxe7 23. Qb3 Rxb3 24. axb3 Rb8 25. Ra2 Rxb3 26. Nxb3 Nc4 27. Rxa6
Nb2 28. Rc6 e4 29. Ng5 Bf5 30. Rg1 Bg6 31. Nd4 Nd3 32. Ra1 Nf4+ 33. Kf1 e3 34.
fxe3 Bd3+ 35. Kf2 Nxd5 36. Ra8+ Kg7 37. Ra5 Qxe3+ 38. Kg2 Nf4+ 39. Kh2 Qf2+ 40.
Kh1 1-0

[Event "AUTO-INT-2301"]
[Site "http://www.queenalice.com/game.php?id=1051157"]
[Date "2012.4.21"]
[Round "1"]
[White "cristiane4"]
[Black "Rijo"]
[Result "0-1"]
[WhiteElo "1465"]
[BlackElo "1407"]

1. e4 e5 2. f4 exf4 3. Nf3 Qe7 4. d3 g5 5. Nc3 c6 6. g3 Bh6 7. Bh3 Qc5 8. Bd2 f6
9. Qe2 Ne7 10. b3 Rg8 11. Na4 Qxc2 12. Nd4 f3 13. Qf1 Qxd2+ 14. Kxd2 g4+ 15. Kc2
gxh3 16. Qxh3 Rg6 17. Qf1 b5 18. Nc3 Be3 19. Nxf3 Na6 20. Qe2 Nb4+ 21. Kb2 Bc5
0-1

[Event "AUTO-INT-2301"]
[Site "http://www.queenalice.com/game.php?id=1051158"]
[Date "2012.4.21"]
[Round "1"]
[White "Rijo"]
[Black "cristiane4"]
[Result "1-0"]
[WhiteElo "1425"]
[BlackElo "1447"]

1. e4 e5 2. Nf3 d6 3. Nc3 Bg4 4. h3 Bh5 5. Bc4 Nf6 6. g4 Bg6 7. Ng5 Qd7 8. Nd5
b5 9. Bb3 c5 10. Nxf6+ gxf6 11. Bxf7+ Bxf7 12. Nxf7 Qxf7 13. c3 Nc6 14. d4 cxd4
15. cxd4 Nxd4 16. O-O Rc8 17. b3 h5 18. f4 hxg4 19. Qxg4 Rg8 20. Kh2 Rxg4 21.
hxg4 Qh7+ 22. Kg3 1-0

[Event "Challenge"]
[Site "http://www.queenalice.com/game.php?id=1052513"]
[Date "2012.4.25"]
[Round "-"]
[White "cristiane4"]
[Black "R0ni"]
[Result "0-1"]
[WhiteElo "1588"]
[BlackElo "2571"]

1. d4 d5 2. c4 dxc4 3. Nc3 a6 4. e3 Nf6 5. Nf3 b5 6. b3 cxb3 7. Qxb3 e6 8. Bd3
c5 9. O-O c4 10. Bxc4 bxc4 11. Qxc4 Bb7 12. Bb2 Bd6 13. Ng5 Nbd7 14. e4 Qc7 15.
Qb3 Bxh2+ 16. Kh1 Bf4 17. Nh3 Rb8 18. Qc2 Bxe4 19. Qe2 Bf5 20. g3 Bxh3 21. gxf4
Qb7+ 22. f3 Bxf1 23. Rxf1 Qxb2 0-1